000 00519nam a22001817a 4500
005 20251108165346.0
008 250721s1991 xx 000 0 ara d
082 1 4 _a364.13/خير
100 1 _aالبشير، هاني
245 1 0 _aالأصابع الخفية :
_bضد الأهداف البشيرية /
264 1 _aبيروت :
_bدار الجيل،
_c1991.
300 _a144ص
650 1 7 _aالجريمة
650 1 7 _aالإغتيالات
650 1 7 _aالسياسة
942 _2ddc
_cBK
999 _c25977
_d25977